[Event "85th Masters"]
[Site "Hastings ENG"]
[Date "2009.12.28"]
[Round "1"]
[White "Sugden,J"]
[Black "Kjartansson,G"]
[Result "1/2-1/2"]
[WhiteElo "2219"]
[BlackElo "2391"]
[EventDate "2009.12.28"]

1. e4 e5 2. Nf3 Nc6 3. Bb5 a6 4. Ba4 Nf6 5. O-O Be7 6. Bxc6 dxc6 7. Nc3 Bg4
8. h3 Bxf3 9. Qxf3 Nd7 10. d3 Bd6 11. Qg3 O-O 12. f4 f6 13. f5 Rf7 14. Be3
Qe7 15. Ne2 Rd8 16. Kh1 c5 17. Qf3 Kf8 18. g4 Ke8 19. Rg1 h6 20. Rg2 Nb6
21. c4 Kd7 22. Nc1 Na8 23. Rc2 a5 24. b3 Nb6 25. a3 Ra8 26. Rb1 Rff8 27.
Qf2 Kc8 28. b4 Nd7 29. Nb3 a4 30. Nxc5 Bxc5 31. Bxc5 Nxc5 32. Qxc5 Qxc5 33.
bxc5 Rd8 34. Rc3 Ra7 35. Kg2 Kd7 36. Kf3 c6 37. h4 Kc7 38. Rg1 Ra5 39. g5
hxg5 40. hxg5 Rd7 41. gxf6 gxf6 42. Rg8 Rf7 43. Kg4 Rh7 44. Rg6 Rf7 45. Rc2
Ra8 46. Kf3 Rd8 47. Ke3 b6 48. cxb6+ Kxb6 49. c5+ Kb5 50. Rg1 Ra7 51. Rc3
1/2-1/2

[Event "85th Masters"]
[Site "Hastings ENG"]
[Date "2009.12.28"]
[Round "1"]
[White "Tozer,Philip"]
[Black "Kirk,Ez"]
[Result "1-0"]
[WhiteElo "2106"]
[BlackElo "1919"]
[EventDate "2009.12.28"]

1. c4 g6 2. Nc3 Bg7 3. g3 e5 4. Bg2 d6 5. d3 c6 6. e4 Nf6 7. Nge2 O-O 8.
O-O Na6 9. h3 Nc7 10. f4 b5 11. f5 d5 12. Qe1 bxc4 13. dxc4 Ba6 14. cxd5
cxd5 15. g4 d4 16. Nd1 Re8 17. g5 Nd7 18. f6 Bf8 19. Bd2 Nc5 20. Bf3 Qd7
21. Nf2 N7e6 22. h4 d3 23. Nc3 Nd4 24. Bg4 Nce6 25. Rc1 Rab8 26. b3 Nc2 27.
Qd1 Ba3 28. Rb1 Qd4 29. Nd5 Rbc8 30. Qf3 Rcd8 31. Bxe6 Rxe6 32. Nc7 Rc6 33.
Nxa6 Rxa6 34. h5 Bc5 35. hxg6 hxg6 36. a4 Qd7 37. Kg2 Kf8 38. Ng4 Qe6 39.
Rh1 Ke8 40. Rh8+ Kd7 41. Qxd3+ Nd4 42. Rxd8+ Kxd8 43. Ne3 Rd6 44. Ba5+ Kd7
45. Qc4 Rc6 46. Qd5+ Qxd5 47. exd5 Rc8 48. Nc4 Bd6 49. Bc3 Rc5 50. Bb4 Rxd5
51. Bxd6 e4 52. Bf4 Ke6 53. Be3 Nc2 54. Kf2 Nxe3 55. Kxe3 Rxg5 56. Kxe4
Kxf6 57. Rd1 Rg3 58. Rf1+ Ke6 59. Ne3 f5+ 60. Kf4 Rh3 61. Rg1 Kf7 62. Rc1
g5+ 63. Kxf5 Rxe3 64. Rc7+ Re7 65. Rc6 Rb7 66. Rc3 Ke7 67. Kxg5 Kd6 68. Kf4
Kd5 69. Ke3 Ke5 70. Kd3 Kd5 71. Kc2 Kd4 72. Rc4+ Kd5 73. Kc3 a5 74. Rc8 Ra7
75. Kd3 Rb7 76. Kc3 Ra7 77. Rb8 Kc6 78. Rb5 Ra8 79. Kc4 Ra7 80. Rh5 Ra8 81.
Rh6+ Kc7 82. Kc5 Kd7 83. Rh7+ Ke6 84. Rb7 Ke5 85. Rb5 Ra6 86. Rb8 1-0

[Event "85th Masters"]
[Site "Hastings ENG"]
[Date "2009.12.28"]
[Round "1"]
[White "Nomat,E"]
[Black "Horn,St"]
[Result "0-1"]
[WhiteElo "1809"]
[BlackElo "2074"]
[EventDate "2009.12.28"]

1. e4 d5 2. exd5 Qxd5 3. Nc3 Qa5 4. d4 Nf6 5. Nf3 Bg4 6. Be2 e6 7. O-O c6
8. Bd2 Qc7 9. h3 Bh5 10. Bg5 Nbd7 11. Bh4 Bd6 12. Ng5 Bg6 13. Bf3 h6 14.
Nge4 Bxe4 15. Nxe4 Nxe4 16. Bxe4 g5 17. Bg3 Bxg3 18. fxg3 Qxg3 19. Qe2 O-O
20. Rae1 Kg7 21. c3 Nf6 22. Bb1 g4 23. Qf2 Qxf2+ 24. Rxf2 gxh3 25. gxh3 Nd5
26. Re5 Rae8 27. Rh5 Rh8 28. Kh2 f5 29. Rh4 Reg8 30. a3 Kf6 31. c4 Ne3 32.
b3 Rg7 33. Re4 Nd1 34. Rf3 Nc3 35. Re1 Nxb1 36. Rxb1 Rhg8 37. Rb2 Rg1 38.
Rd2 Ra1 39. a4 Rgg1 40. d5 cxd5 41. cxd5 e5 42. d6 f4 43. Rxf4+ exf4 44. d7
Rh1+ 45. Kg2 Rag1+ 46. Kf3 Rxh3+ 47. Kxf4 Rh4+ 48. Kf3 Rh3+ 49. Kf4 Rg8 50.
d8=Q+ Rxd8 51. Rxd8 Rxb3 52. Rd6+ Kg7 53. Rd7+ Kf8 54. Kf5 Ke8 55. Rh7 Kd8
56. Rxh6 Rb4 57. Rh7 Kc8 58. a5 Rb5+ 59. Ke6 Rxa5 60. Kd6 Ra6+ 61. Kc5 Rc6+
62. Kb5 a6+ 63. Ka5 Kb8 64. Ka4 Ka7 65. Ka5 Re6 66. Rh4 b6+ 67. Ka4 a5 68.
Rh8 Kb7 69. Kb5 Re5+ 70. Ka4 Re4+ 71. Kb3 a4+ 72. Kb2 Kc6 73. Rh5 b5 74.
Ka3 Kb6 75. Ka2 Ka5 76. Kb2 Kb4 77. Ka1 Kc4 78. Kb2 b4 79. Rh1 a3+ 80. Ka2
Re2+ 81. Ka1 b3 82. Kb1 Rd2 83. Rc1+ Kd3 84. Rh1 Re2 85. Rd1+ Kc3 86. Rc1+
Kd2 87. Ka1 b2+ 0-1

[Event "85th Masters"]
[Site "Hastings ENG"]
[Date "2010.01.03"]
[Round "7"]
[White "Hracek,Z"]
[Black "Istratescu,A"]
[Result "1/2-1/2"]
[WhiteElo "2624"]
[BlackElo "2624"]
[EventDate "2009.12.28"]

1. e4 e5 2. Nf3 Nf6 3. Nxe5 d6 4. Nf3 Nxe4 5. d4 d5 6. Bd3 Nc6 7. O-O Be7
8. c4 Nb4 9. Be2 O-O 10. Nc3 Be6 11. Ne5 c5 12. Nxe4 dxe4 13. d5 Qc7 14. f4
exf3 15. Nxf3 Bf5 16. a3 Nc2 17. Ra2 Bf6 18. Bd3 Nd4 19. Bxf5 Nxf5 20. Qd3
g6 21. b3 Rae8 22. g4 Nd6 23. Bf4 Qd7 24. h3 Bg7 25. Re2 Rxe2 26. Qxe2 Re8
27. Qd3 f5 28. gxf5 1/2-1/2

[Event "85th Masters"]
[Site "Hastings ENG"]
[Date "2010.01.03"]
[Round "7"]
[White "Greet,A"]
[Black "Drozdovskij,Y"]
[Result "1/2-1/2"]
[WhiteElo "2423"]
[BlackElo "2625"]
[EventDate "2009.12.28"]

1. e4 c6 2. d4 d5 3. e5 Bf5 4. Nc3 Qb6 5. Bd3 Bxd3 6. Qxd3 e6 7. Nge2 Nd7
8. a4 a6 9. a5 Qc7 10. Nd1 c5 11. f4 cxd4 12. Nxd4 Ne7 13. O-O Nc6 14. Nxc6
Qxc6 15. Nf2 Bc5 16. Be3 O-O 17. c3 Bxe3 18. Qxe3 Qc5 19. Qxc5 Nxc5 20.
Rfd1 Rfc8 21. Ra3 Rab8 22. Rd4 b5 23. axb6 Rxb6 24. Rb4 Rxb4 25. cxb4 Nd7
26. Rc3 Rxc3 27. bxc3 Nb6 28. Nd3 Na4 29. Kf2 Nxc3 30. Nc5 Nb5 31. Nxa6 h5
32. Nc5 Kf8 33. h3 Ke7 34. g4 hxg4 35. hxg4 g6 36. Kg3 Nd4 37. Kh4 Nf3+ 38.
Kg3 Nd4 39. Kh4 Nf3+ 40. Kg3 1/2-1/2

[Event "85th Masters"]
[Site "Hastings ENG"]
[Date "2010.01.03"]
[Round "7"]
[White "Edouard,R"]
[Black "Strunski,A"]
[Result "1-0"]
[WhiteElo "2620"]
[BlackElo "2386"]
[EventDate "2009.12.28"]

1. d4 d5 2. c4 c6 3. Nf3 Nf6 4. Nc3 dxc4 5. a4 e6 6. e4 Bb4 7. Bg5 Bxc3+ 8.
bxc3 Qa5 9. e5 Ne4 10. Rc1 b6 11. Qc2 Qd5 12. Bxc4 Qxc4 13. Qxe4 h6 14. Nd2
Qd5 15. Be3 Qxe4 16. Nxe4 Ba6 17. c4 Nd7 18. f4 Ke7 19. Bd2 c5 20. d5 f6
21. d6+ Kf7 22. O-O f5 23. Nf2 Bb7 24. a5 g6 25. Rc3 Bc6 26. Ra1 Rhg8 27.
Rh3 Rh8 28. Rha3 Rhg8 29. Rh3 Rh8 30. Kf1 Bb7 31. Rha3 g5 32. axb6 axb6 33.
Ra7 g4 34. Nd1 Bc6 35. Nc3 Rhb8 36. Nb5 Rxa7 37. Rxa7 Rb7 38. Ra3 Rb8 39.
Nc7 b5 40. cxb5 Bxb5+ 41. Nxb5 Rxb5 42. Ra7 Ke8 43. Ke2 h5 44. Kd3 Rb3+ 45.
Kc4 Rb2 46. Ba5 Rf2 47. Ra8+ Kf7 48. g3 Rc2+ 49. Kb3 Rc1 50. Rd8 Rb1+ 51.
Kc2 Rb7 52. Bc7 Nb6 53. Bxb6 Rxb6 54. Rh8 1-0

[Event "85th Masters"]
[Site "Hastings ENG"]
[Date "2010.01.03"]
[Round "7"]
[White "Ansell,S"]
[Black "Kolbus,D"]
[Result "1-0"]
[WhiteElo "2387"]
[BlackElo "2355"]
[EventDate "2009.12.28"]

1. e4 c6 2. d4 d5 3. e5 Bf5 4. Be3 e6 5. Nd2 Nd7 6. f4 h5 7. Ngf3 Ne7 8.
Be2 Bg4 9. Bf2 Nf5 10. h3 Bxf3 11. Nxf3 h4 12. O-O Be7 13. c3 g6 14. Qd2
Kf8 15. b3 Kg7 16. Kh2 Qa5 17. Bd3 Rh6 18. a4 Rah8 19. Rfc1 Rh5 20. Qe2
R5h6 21. Ra2 Rh5 22. Be1 Qd8 23. c4 Nb8 24. c5 b6 25. b4 Qd7 26. Bf2 Ng3
27. Bxg3 hxg3+ 28. Kxg3 Qb7 29. Rac2 a6 30. Qd2 b5 31. Kh2 Nd7 32. axb5
axb5 33. Ra1 Qc7 34. Rca2 Rb8 35. Ra7 Rb7 36. Rxb7 Qxb7 37. g4 Rh8 38. f5
exf5 39. gxf5 f6 40. Qf4 fxe5 41. dxe5 gxf5 42. Qxf5 Rh6 43. Rg1+ 1-0

[Event "85th Masters"]
[Site "Hastings ENG"]
[Date "2010.01.03"]
[Round "7"]
[White "Arkell,K"]
[Black "Giffard,N"]
[Result "1-0"]
[WhiteElo "2464"]
[BlackElo "2351"]
[EventDate "2009.12.28"]

1. d4 Nf6 2. Nf3 e6 3. c4 d5 4. cxd5 exd5 5. Nc3 Be7 6. Bg5 c6 7. e3 Bf5 8.
Bxf6 Bxf6 9. Bd3 Bg6 10. b4 Be7 11. Rb1 Nd7 12. Bxg6 hxg6 13. b5 Qa5 14.
Qb3 g5 15. Rc1 g4 16. Nd2 Nb6 17. bxc6 bxc6 18. O-O Rh6 19. Rfe1 Kf8 20.
Nf1 Bd6 21. Ne2 Nc4 22. Qc2 Ba3 23. Ra1 Bb4 24. Red1 g6 25. e4 Kg7 26. e5
Rah8 27. Qc1 Qd8 28. Rb1 a5 29. Qf4 Qd7 30. Neg3 Qe6 31. Rb3 Rh4 32. Rdd3
Qe7 33. Qc1 Qa7 34. Qg5 Kf8 35. Qd8+ Kg7 36. Qf6+ Kg8 37. Qxc6 Nxe5 38.
Qe8+ 1-0

[Event "85th Masters"]
[Site "Hastings ENG"]
[Date "2010.01.03"]
[Round "7"]
[White "Philippe,C"]
[Black "Green,An"]
[Result "1-0"]
[WhiteElo "2430"]
[BlackElo "2151"]
[EventDate "2009.12.28"]

1. e4 Nf6 2. e5 Nd5 3. d4 d6 4. Nf3 dxe5 5. Nxe5 c6 6. Be2 Bf5 7. O-O Nd7
8. c4 Nb4 9. Ng4 e6 10. Ne3 Bg6 11. a3 Na6 12. d5 e5 13. b4 c5 14. Nc3 cxb4
15. Nb5 Bc5 16. d6 O-O 17. Nd5 Nb6 18. Bb2 Bxd6 19. Nxb6 Qxb6 20. Qxd6 Qxd6
21. Nxd6 Rad8 22. Rfd1 1-0

[Event "85th Masters"]
[Site "Hastings ENG"]
[Date "2010.01.03"]
[Round "7"]
[White "Zdebskaja,N"]
[Black "De Coverly,R"]
[Result "1-0"]
[WhiteElo "2408"]
[BlackElo "2109"]
[EventDate "2009.12.28"]

1. e4 e5 2. Nf3 Nc6 3. Nc3 Nf6 4. g3 Be7 5. Bg2 d6 6. O-O O-O 7. h3 Rb8 8.
d4 exd4 9. Nxd4 Ne8 10. Nd5 Be6 11. Nxe6 fxe6 12. Nxe7+ Qxe7 13. Be3 a6 14.
c3 e5 15. b4 Nf6 16. a4 Qd7 17. Qd2 Nd8 18. a5 Nf7 19. c4 Qe6 20. Qd3 h6
21. b5 Nd7 22. Rac1 Rfd8 23. Rfd1 Nc5 24. Qa3 Nd7 25. Kh2 c5 26. bxc6 bxc6
27. Qa4 c5 28. Rb1 Rdc8 29. Bf1 Nd8 30. h4 Nc6 31. Bh3 Qe8 32. Rxb8 Ncxb8
33. Rxd6 Rd8 34. Qd1 1-0

[Event "85th Masters"]
[Site "Hastings ENG"]
[Date "2010.01.03"]
[Round "7"]
[White "Bates,Ri"]
[Black "Grant,D ENG"]
[Result "1-0"]
[WhiteElo "2383"]
[BlackElo "2020"]
[EventDate "2009.12.28"]

1. d4 Nf6 2. Nf3 e6 3. c4 d5 4. g3 Nc6 5. Bg2 dxc4 6. O-O Rb8 7. Nc3 b5 8.
e4 b4 9. Na4 Be7 10. d5 exd5 11. exd5 Na5 12. Be3 O-O 13. Ne5 Rb5 14. Bxa7
Nxd5 15. Qd4 f6 16. Bc5 Be6 17. Nxc4 Nb7 18. Bxe7 Qxe7 19. Rfe1 Qf7 20. b3
Rd8 21. Rad1 h6 22. Qe4 Re8 23. Qd3 Nc5 24. Nxc5 Rxc5 25. Rxe6 Rxe6 26.
Bxd5 Rxd5 27. Qxd5 Re1+ 28. Kg2 Rxd1 29. Qxd1 Qe6 30. Qd8+ Kh7 31. Qd3+ 1-0

[Event "85th Masters"]
[Site "Hastings ENG"]
[Date "2010.01.03"]
[Round "7"]
[White "Griffiths,R"]
[Black "Prosviriakov,V"]
[Result "1/2-1/2"]
[WhiteElo "2148"]
[BlackElo "2311"]
[EventDate "2009.12.28"]

1. c4 e5 2. g3 d6 3. Nc3 f5 4. Bg2 Nf6 5. d3 Be7 6. e4 Nc6 7. Nge2 O-O 8.
O-O Qe8 9. Nd5 Bd8 10. h3 Ne7 11. Nxe7+ Bxe7 12. exf5 Bxf5 13. g4 Be6 14.
f4 c6 15. Ng3 exf4 16. Bxf4 d5 17. Qe2 Bc5+ 18. Kh2 dxc4 19. dxc4 Qf7
1/2-1/2

[Event "85th Masters"]
[Site "Hastings ENG"]
[Date "2010.01.03"]
[Round "7"]
[White "Druckenthaner,A"]
[Black "Mitchell,M"]
[Result "0-1"]
[WhiteElo "2296"]
[BlackElo "2195"]
[EventDate "2009.12.28"]

1. e4 d6 2. d4 Nf6 3. Nc3 g6 4. g3 Bg7 5. Bg2 O-O 6. Nge2 Nbd7 7. O-O c5 8.
h3 Rb8 9. Be3 b6 10. Qd2 cxd4 11. Nxd4 Bb7 12. Bh6 Nc5 13. Bxg7 Kxg7 14.
Rfe1 Qd7 15. Rad1 Ba8 16. g4 h6 17. Qe3 e5 18. Nde2 b5 19. f4 Qe7 20. Nd5
Nxd5 21. exd5 Rbe8 22. b4 Na4 23. fxe5 Qxe5 24. Qxe5+ Rxe5 25. Nd4 Nc3 26.
Ra1 Rfe8 27. Rxe5 dxe5 28. Re1 Kf8 29. Nc6 e4 30. Nxa7 Bxd5 31. Re3 Nd1 32.
Re1 Nc3 33. Re3 Nxa2 34. Nxb5 Nxb4 35. Nc7 Rc8 36. Rc3 Na2 37. Rc5 Kg8 38.
Rxd5 Rxc7 39. Bxe4 Nb4 40. Rd2 Rc3 41. Bd3 0-1

[Event "85th Masters"]
[Site "Hastings ENG"]
[Date "2010.01.03"]
[Round "7"]
[White "Sreeves,C"]
[Black "Addison,B"]
[Result "1-0"]
[WhiteElo "2061"]
[BlackElo "2258"]
[EventDate "2009.12.28"]

1. e4 e5 2. Nf3 Nc6 3. Bb5 a6 4. Ba4 Nf6 5. O-O Be7 6. Bxc6 dxc6 7. d3 Qd6
8. Nbd2 Be6 9. Ng5 O-O 10. Nxe6 Qxe6 11. Qe2 b5 12. b3 Nd7 13. Bb2 c5 14.
a4 Bd6 15. Ra2 Rae8 16. axb5 axb5 17. Ra5 Rb8 18. h3 Rb6 19. Rfa1 Nb8 20.
Ra8 Nc6 21. Bc3 Rbb8 22. R8a6 Nd4 23. Bxd4 cxd4 24. Qg4 Qe7 25. g3 Bb4 26.
Nf3 Qc5 27. R1a2 Rb6 28. Ra7 Qd6 29. h4 h6 30. Qf5 f6 31. h5 Rd8 32. Nh4
Qe7 33. Qg6 1-0

[Event "85th Masters"]
[Site "Hastings ENG"]
[Date "2010.01.03"]
[Round "7"]
[White "Maduekwe,C"]
[Black "Ledger,D"]
[Result "1-0"]
[WhiteElo "2182"]
[BlackElo "2227"]
[EventDate "2009.12.28"]

1. d4 Nf6 2. c4 g6 3. Nc3 Bg7 4. e4 d6 5. Nf3 O-O 6. h3 e5 7. d5 a5 8. Bg5
Na6 9. Be2 Qe8 10. Nd2 Kh8 11. g4 Ng8 12. h4 f6 13. Be3 f5 14. f3 Nf6 15.
h5 f4 16. h6 Bxh6 17. Rxh6 fxe3 18. Nf1 Nh5 19. Nxe3 Qe7 20. Qd2 Qh4+ 21.
Kd1 Qg5 22. Ng2 Qxd2+ 23. Kxd2 Kg7 24. g5 Bh3 25. Ne3 Rf4 26. Rh1 Bd7 27.
Ng2 Raf8 28. Nxf4 Rxf4 29. Nd1 Nc5 30. Ne3 Be8 31. Ng2 Rf8 32. Ke3 Nd7 33.
Rh4 Ndf6 34. f4 Ng8 35. R6xh5 gxh5 36. f5 c6 37. Bxh5 cxd5 38. cxd5 h6 39.
f6+ Nxf6 40. gxf6+ 1-0

[Event "85th Masters"]
[Site "Hastings ENG"]
[Date "2010.01.03"]
[Round "7"]
[White "Collins,S IRL"]
[Black "Franklin,S"]
[Result "1/2-1/2"]
[WhiteElo "2431"]
[BlackElo "2139"]
[EventDate "2009.12.28"]

1. e4 c5 2. c3 d5 3. exd5 Qxd5 4. d4 Nf6 5. Nf3 e6 6. a3 Be7 7. Be3 O-O 8.
Be2 cxd4 9. cxd4 Nc6 10. Nc3 Qd6 11. Qd2 Rd8 12. Rd1 Nd5 13. Ne4 Qc7 14.
O-O Bd7 15. Rc1 Be8 16. b4 a6 17. Bc4 Rac8 18. Neg5 h6 19. Ne4 Bf8 20. Qd3
Nf4 21. Qd2 Nd5 22. Bb3 Qb8 23. Rce1 Nce7 24. Rd1 b6 25. Ne5 f6 26. Nd3 Bg6
27. f3 Nf5 28. Bf2 Nd6 29. Qe1 Bf7 30. Bg3 Qb7 31. Nf4 Nf5 32. Nxe6 Bxe6
33. Nc5 bxc5 34. Qxe6+ Qf7 35. Qxf5 c4 36. Bc2 g6 37. Qxg6+ Qxg6 38. Bxg6
Ne3 39. Bf2 Nxd1 40. Rxd1 a5 41. Bf5 Rb8 42. bxa5 Rb5 43. Be6+ Kg7 44. Bxc4
Rxa5 45. Rb1 Rxa3 46. Be6 Ra5 47. h4 Bd6 48. g3 Rb8 49. Rc1 Rab5 50. Kg2
Rb2 51. f4 Re8 52. f5 Ra8 53. Rc6 Bb4 54. Rc7+ Kf8 55. Rf7+ Ke8 56. Rxf6
Be1 57. Bd5 Rxf2+ 58. Kg1 Ra3 59. Re6+ Kf8 60. Rxe1 Rxf5 61. Be4 Rb5 62.
Kg2 Rb2+ 63. Kh3 Rbb3 64. Rg1 Rb4 65. Rd1 Rbb3 66. Rg1 Rb4 67. Rd1 Rbb3
1/2-1/2

[Event "85th Masters"]
[Site "Hastings ENG"]
[Date "2010.01.03"]
[Round "7"]
[White "Eggleston,D"]
[Black "Salimbeni,G"]
[Result "1-0"]
[WhiteElo "2367"]
[BlackElo "2162"]
[EventDate "2009.12.28"]

1. e4 e5 2. Nf3 Nc6 3. Bc4 Bc5 4. b4 d5 5. Bxd5 Nxb4 6. Bb3 Nf6 7. d3 Nc6
8. Bb2 Bg4 9. Nbd2 Qe7 10. Ba4 Bd4 11. c3 Bb6 12. h3 Bxf3 13. Nxf3 Qc5 14.
O-O O-O-O 15. Bxc6 Qxc6 16. Qb3 Rhe8 17. Rad1 Qe6 18. Ng5 Qxb3 19. axb3 h6
20. Nf3 Nh5 21. Kh2 Nf4 22. Ne1 a5 23. g3 Ne6 24. Ba3 Bc5 25. Bc1 g5 26. f4
exf4 27. gxf4 Nxf4 28. Bxf4 gxf4 29. Ng2 f3 30. Nh4 f2 31. Nf5 Re6 32. Kg2
Bb6 33. Kf3 h5 34. d4 Rde8 35. e5 Rg6 36. Rxf2 f6 37. Re2 fxe5 38. dxe5 Rc6
39. c4 a4 40. Red2 Kb8 41. Rd8+ Rxd8 42. Rxd8+ Ka7 43. bxa4 Rxc4 44. e6 Bc5
45. Rd5 Kb6 46. a5+ Kc6 47. e7 Rc3+ 48. Ke4 Rc4+ 49. Ke5 Bd6+ 50. Nxd6
cxd6+ 51. Rxd6+ 1-0

[Event "85th Masters"]
[Site "Hastings ENG"]
[Date "2010.01.03"]
[Round "7"]
[White "Almond,R"]
[Black "Webb,L"]
[Result "1/2-1/2"]
[WhiteElo "2174"]
[BlackElo "2321"]
[EventDate "2009.12.28"]

1. d4 d5 2. c4 e5 3. dxe5 d4 4. Nf3 Nc6 5. g3 Bc5 6. Bg2 Nge7 7. Nbd2 a5 8.
O-O Ba7 9. b3 O-O 10. Bb2 Ng6 11. Qc2 Ngxe5 12. Nxe5 Nxe5 13. Nf3 Nxf3+ 14.
Bxf3 Qe7 15. Qd2 Bh3 16. Rfd1 c5 17. Qxa5 b6 18. Qd2 Rae8 19. Re1 Qf6 20.
Bd5 Rd8 21. Bh1 Rfe8 22. a4 Bb8 23. a5 bxa5 24. Rxa5 Qe7 25. b4 cxb4 26.
Rd5 Be6 27. Qxd4 f6 28. Rxd8 Rxd8 29. Bd5 Bxd5 30. cxd5 Be5 31. Qd2 Bxb2
32. Qxb2 Rxd5 33. Qb3 Qe6 34. Qxb4 h6 35. Qc4 Re5 36. Qxe6+ Rxe6 37. Kg2 f5
38. Kf3 Kf7 39. Ra1 Kf6 40. Ra8 g5 41. h3 h5 42. e3 g4+ 43. Kg2 Kg7 44. Rd8
Ra6 45. Rd5 Kg6 46. h4 Ra1 47. Rd6+ Kg7 48. Rd2 Kg6 49. f3 gxf3+ 50. Kxf3
Rf1+ 51. Ke2 Rg1 52. Kf2 Ra1 53. Rd6+ Kg7 54. Re6 Rb1 55. e4 fxe4 56. Rxe4
Kf6 57. Ra4 Rb3 58. Ra6+ Kg7 59. Ra5 Kh6 60. Re5 Kg6 61. Re6+ Kg7 62. Re3
Rxe3 63. Kxe3 Kf7 64. Kf3 Ke7 65. Ke3 1/2-1/2

[Event "85th Masters"]
[Site "Hastings ENG"]
[Date "2010.01.03"]
[Round "7"]
[White "Lock,G"]
[Black "Rudd,J"]
[Result "1-0"]
[WhiteElo "2170"]
[BlackElo "2296"]
[EventDate "2009.12.28"]

1. d4 Nf6 2. Nf3 e6 3. Bg5 c5 4. c3 b6 5. e3 Bb7 6. Nbd2 Be7 7. Bd3 Nc6 8.
a3 O-O 9. e4 d5 10. e5 Nd7 11. h4 f6 12. Qc2 fxe5 13. Bxh7+ Kh8 14. dxe5
Ndxe5 15. O-O-O d4 16. Qe4 Bf6 17. Nxe5 Nxe5 18. Qxb7 Kxh7 19. Qe4+ Kg8 20.
f4 dxc3 21. Nf3 Nd7 22. Qxe6+ Rf7 23. Ne5 1-0

[Event "85th Masters"]
[Site "Hastings ENG"]
[Date "2010.01.03"]
[Round "7"]
[White "Marusenko,P"]
[Black "Foord,D"]
[Result "1/2-1/2"]
[WhiteElo "2264"]
[BlackElo "2051"]
[EventDate "2009.12.28"]

1. d4 d5 2. c4 c6 3. Nc3 Nf6 4. Nf3 e6 5. cxd5 exd5 6. Bg5 Be7 7. e3 Bf5 8.
Bd3 Bxd3 9. Qxd3 O-O 10. O-O Nbd7 11. Rab1 a5 12. Rfc1 Re8 13. a3 Ne4 14.
Bf4 Bd6 15. Bxd6 Nxd6 16. Na4 Ne4 17. b4 b5 18. Nc5 Ndxc5 19. bxc5 Qc8 20.
Qe2 Qg4 21. Rb2 f6 22. Kf1 Ra7 23. Ne1 Qh4 24. Kg1 Ng5 25. Nf3 Nxf3+ 26.
gxf3 f5 27. Kh1 Rae7 28. Rg1 f4 29. e4 dxe4 30. fxe4 Rxe4 31. Qf3 Qf6 32.
Rd2 Kh8 33. d5 cxd5 34. Rxd5 h6 35. Rd7 R8e7 36. Rgd1 Rxd7 37. Rxd7 Re8 38.
Qb7 b4 1/2-1/2

[Event "85th Masters"]
[Site "Hastings ENG"]
[Date "2010.01.03"]
[Round "7"]
[White "Barton,A"]
[Black "Snape,I"]
[Result "0-1"]
[WhiteElo "2119"]
[BlackElo "2176"]
[EventDate "2009.12.28"]

1. Nf3 Nf6 2. c4 g6 3. d4 Bg7 4. Nc3 O-O 5. Bg5 c5 6. e3 cxd4 7. exd4 d5 8.
Bxf6 Bxf6 9. Nxd5 Bg7 10. Nc3 Bg4 11. Be2 Nc6 12. d5 Bxf3 13. Bxf3 Ne5 14.
Be2 Qc7 15. Qb3 Rfc8 16. O-O Nxc4 17. d6 Nxd6 18. Nd5 Qd7 19. Rad1 e6 20.
Ne3 Qe7 21. Qa3 Bf8 22. Bf3 Rd8 23. Rfe1 Qg5 24. Qa4 h5 25. Rc1 a5 26. Qb3
a4 27. Qb6 Qa5 28. Qc7 Qb4 29. Qc3 Qf4 30. Rcd1 Bg7 31. Qa3 Be5 32. Nf1 Qf6
33. Qb4 a3 34. Rxe5 Qxe5 35. bxa3 Rac8 36. a4 Qc5 37. Qf4 b6 38. g3 Ne8 39.
Rb1 Rd4 40. Qe3 Rxa4 41. Rxb6 Qxe3 42. Nxe3 Rxa2 43. Bc6 Nf6 44. h3 Rd8 45.
Rb1 Rdd2 46. Rf1 Nd5 47. Nc4 Rdc2 48. Ne5 Kg7 49. Be8 Ne3 50. Re1 Nf5 51.
g4 Nd6 52. Bc6 Rxf2 53. gxh5 gxh5 54. Re3 Nf5 55. Rd3 Rfe2 56. Nf3 Rg2+ 57.
Kf1 Ng3+ 58. Ke1 Rge2+ 59. Kd1 Ra1+ 0-1

[Event "85th Masters"]
[Site "Hastings ENG"]
[Date "2010.01.03"]
[Round "7"]
[White "Atako,C"]
[Black "Martinsen,S"]
[Result "1/2-1/2"]
[WhiteElo "2037"]
[BlackElo "2240"]
[EventDate "2009.12.28"]

1. e4 e6 2. Nf3 d5 3. Nc3 Nf6 4. e5 Nfd7 5. d4 c5 6. dxc5 Nc6 7. Bf4 Bxc5
8. Bd3 f6 9. exf6 Qxf6 10. Bg3 O-O 11. O-O a6 12. Qe2 Qh6 13. Na4 Ba7 14.
c4 Nf6 15. Rad1 Re8 16. Nc3 Bd7 17. Bb1 Rac8 18. cxd5 exd5 19. Qd2 Qxd2 20.
Rxd2 d4 21. Ne2 Bg4 22. Nexd4 Nxd4 23. Nxd4 Rcd8 24. Nb3 Rxd2 25. Nxd2 Re2
26. Rd1 Nh5 27. Ne4 Nxg3 28. hxg3 Rxb2 29. Re1 Bf5 30. Bd3 Bxe4 31. Rxe4
Rxf2 32. Kh2 Rf6 33. Kh3 Bc5 34. Bc4+ Kf8 35. Kg4 b5 36. Bd5 Bd6 37. Re6
Rxe6 38. Bxe6 Ke7 39. Bg8 Kf6 40. Bxh7 Ke5 41. Kg5 Kd4 42. Kg6 Be5 43. Kf5
Bxg3 44. Bg8 a5 45. Ke6 Kc5 46. Kf5 Kb4 47. Ke4 Ka3 48. Kd3 Kb2 49. Be6 a4
50. Bd7 Kxa2 51. Kc2 Ka3 1/2-1/2

[Event "85th Masters"]
[Site "Hastings ENG"]
[Date "2010.01.03"]
[Round "7"]
[White "Pickersgill,A"]
[Black "Goodger,M"]
[Result "1/2-1/2"]
[WhiteElo "2014"]
[BlackElo "2147"]
[EventDate "2009.12.28"]

1. e4 e5 2. Bb5 c6 3. Ba4 Nf6 4. Nc3 b5 5. Bb3 b4 6. Na4 d5 7. exd5 cxd5 8.
d4 e4 9. Ne2 Nc6 10. c3 Bg4 11. h3 Be6 12. Bg5 h6 13. Bh4 Be7 14. Qd2 O-O
15. O-O g5 16. Bg3 Nh5 17. f4 Nxg3 18. Nxg3 gxf4 19. Nh5 Bg5 20. Nxf4 bxc3
21. bxc3 Qd6 22. Nc5 Kh7 23. Qf2 Rac8 24. Nxd5 Bxd5 25. Qf5+ Kg8 26. Qxd5
Qxd5 27. Bxd5 Ne7 28. Bxe4 Bd2 29. Rf3 f5 30. Bb7 Rc7 31. Rd1 Bg5 32. Ba6
Rf6 33. Bc4+ Kh7 34. Bb3 Rd6 35. Ne6 Rcc6 36. d5 Rc8 37. c4 Kg6 38. Nxg5
hxg5 39. Re3 Kf7 40. Rde1 Ng6 41. Re6 Rxe6 42. Rxe6 Rc7 43. Ra6 Ne5 44. d6
Rc5 45. Rxa7+ Ke6 46. Rc7 Kxd6 47. Rxc5 Kxc5 48. Kf2 f4 49. Ke2 Kd4 50. Kd2
Ng6 51. Ke2 Nh4 52. Kf2 Nf5 53. c5 Kxc5 54. Be6 Nd4 55. Bg8 Kd6 56. g3
fxg3+ 57. Kxg3 Ke5 58. Kg4 Kf6 59. Bb3 Nc6 60. Kg3 Ke5 61. h4 1/2-1/2

[Event "85th Masters"]
[Site "Hastings ENG"]
[Date "2010.01.03"]
[Round "7"]
[White "McKenna,Jas"]
[Black "Gibson,Ch"]
[Result "0-1"]
[WhiteElo "2147"]
[BlackElo "1964"]
[EventDate "2009.12.28"]

1. e4 c5 2. Nf3 Nc6 3. d4 cxd4 4. Nxd4 Nf6 5. Nc3 e5 6. Ndb5 d6 7. Bg5 a6
8. Na3 b5 9. Nd5 Be7 10. Bxf6 Bxf6 11. c3 O-O 12. Nc2 Bg5 13. a4 bxa4 14.
Rxa4 a5 15. Bc4 Rb8 16. b3 Kh8 17. Nce3 g6 18. O-O f5 19. Bd3 f4 20. Nc4 f3
21. g3 h5 22. Re1 h4 23. Ra2 Rb7 24. Nde3 Bxe3 25. Rxe3 Bg4 26. Bc2 Rh7 27.
Qd5 hxg3 28. hxg3 Qg5 0-1

[Event "85th Masters"]
[Site "Hastings ENG"]
[Date "2010.01.03"]
[Round "7"]
[White "Webb,M"]
[Black "O'Toole,G"]
[Result "0-1"]
[WhiteElo "1987"]
[BlackElo "2146"]
[EventDate "2009.12.28"]

1. e4 e5 2. Bc4 Nf6 3. d4 exd4 4. Nf3 Nc6 5. e5 d5 6. Bb5 Ne4 7. Nxd4 Bc5
8. Be3 Bd7 9. Bxc6 bxc6 10. O-O Qe7 11. f3 Nd6 12. Bf2 Nf5 13. c3 O-O 14.
g4 Nxd4 15. cxd4 Bb6 16. f4 f6 17. Re1 fxe5 18. Rxe5 Qb4 19. Be3 Qxb2 20.
Nd2 Bxd4 21. Rb1 Bxe3+ 22. Rxe3 Qd4 0-1

[Event "85th Masters"]
[Site "Hastings ENG"]
[Date "2010.01.03"]
[Round "7"]
[White "Gregory,S"]
[Black "Spanton,T"]
[Result "1-0"]
[WhiteElo "2126"]
[BlackElo "2026"]
[EventDate "2009.12.28"]

1. e4 c5 2. Nf3 g6 3. g3 Nc6 4. Bg2 Bg7 5. O-O d6 6. d3 e5 7. Re1 Nge7 8.
c3 O-O 9. a3 h6 10. b4 Be6 11. Be3 b6 12. Nfd2 Qd7 13. Nb3 a6 14. N1d2 Kh7
15. Nc4 Rab8 16. Rb1 f5 17. bxc5 bxc5 18. exf5 Nxf5 19. Bxc5 dxc5 20. Nxc5
Qe8 21. Qa4 Rxb1 22. Rxb1 Nd8 23. Qxa6 Qf7 24. Nxe6 Qxe6 25. Rb6 Qf7 26.
Be4 Kh8 27. f3 Kh7 28. Nd6 Nxd6 29. Rxd6 Bf6 30. c4 Kg7 31. Kg2 g5 32. Qc8
Kh8 33. a4 Qg7 34. Qg4 Nf7 35. Rb6 Nd8 36. a5 Rf7 37. a6 Ra7 38. Qf5 Be7
39. Rg6 Qf8 40. Qxe5+ 1-0

[Event "85th Masters"]
[Site "Hastings ENG"]
[Date "2010.01.03"]
[Round "7"]
[White "Tari,A"]
[Black "Tozer,Philip"]
[Result "1/2-1/2"]
[WhiteElo "1932"]
[BlackElo "2106"]
[EventDate "2009.12.28"]

1. e4 e6 2. d4 d5 3. exd5 exd5 4. c4 Bb4+ 5. Nc3 Ne7 6. Nf3 O-O 7. Be2 dxc4
8. Bxc4 Bg4 9. Be3 Nd5 10. Rc1 Nxe3 11. fxe3 Qe7 12. Kf2 c6 13. Re1 Nd7 14.
e4 Rad8 15. a3 Ne5 16. Qb3 Nxc4 17. Qxc4 Bxf3 18. Qxb4 Qxb4 19. axb4 Bh5
20. Ke3 f5 21. Rf1 fxe4 22. Rxf8+ Kxf8 23. b5 Be8 24. bxc6 Bxc6 25. d5
1/2-1/2